Acroniemen met drie letters - Statistieken

Algemene statistieken
  • Deze quiz is 233 keer genomen
  • De gemiddelde score is 18 van 30
Antwoordstatistieken
Omschrijving Acroniem % Correct
Britse Openbare Omroep BBC
85%
Binnenlandse politiedienst van de VS FBI
82%
Virus dat aids veroorzaakt HIV
82%
Land in het Midden-Oosten met Abu-Dhabi als hoofdstad VAE
81%
Algemeen directeur CEO
80%
Buitenlandse politiedienst van de VS CIA
78%
Caraïbische eilanden die tot Nederland behoren {ABC}-eilanden
77%
Afval dat (in België) in de groene bak mag GFT
77%
Bevat erfelijke informatie DNA
76%
Vreemd object waarvan mensen zeggen dat ze het zagen UFO
76%
Het internationale internet WWW
76%
Aandachtsstoornis ADD
75%
Grootste stad van de Verenigde Staten NYC
74%
Index over de verhouding tussen lengte en gewicht BMI
73%
Syfilis, schurft en herpes zijn voorbeelden SOA
71%
Vaak gestelde vragen FAQ
67%
Afspraken tussen werkgevers en werknemers CAO
58%
Totale geldwaarde van alle goederen en diensten BBP
56%
Franse hogesnelheidstrein van de SNCF TGV
55%
Drug ook bekend als MDMA XTC
55%
Plaatsbepalingssysteem voor auto's onder meer GPS
53%
Standaardformaat om bestanden uit te wisselen PDF
52%
Bank van de Europese Unie ECB
38%
Tijdzone van het Verenigd Koninkrijk GMT
38%
Organisatie voor de Olympische Spelen IOC
35%
Museum in Antwerpen aan de Schelde MAS
34%
Dienst van de overheid in België FOD
17%
VN-organisatie die over geldzaken gaat IMF
15%
Gespecialiseerde zorgeenheid in België MUG
12%
Besmettelijke bacteriële infectieziekte TBC
9%
Geen overeenkomende quizzen gevonden
Scoreverdeling
Procent van Mensen met Elke Score
Percentiel versus Aantal Correcte Antwoorden
Uw Scoregeschiedenis
U heeft deze quiz nog niet genomen